| 000 | 00935nam a22001697a 4500 | ||
|---|---|---|---|
| 003 | NUST | ||
| 005 | 20240507102308.0 | ||
| 020 | _a9781108416412 | ||
| 082 | _a515.352,NAN | ||
| 100 |
_aNandakumaran, A.K. _9122545 |
||
| 245 |
_aOrdinary Differntial Equations : _bPrinciples and Applications / _cA.K. Nandakumaran, P.S. Datti, Raju K, Geroge |
||
| 260 |
_aCambridge University Press _bUK _c2017 |
||
| 300 | _axviii, 328 p | ||
| 505 | _aIntroduction and Examples Physical Models (Page-1), Preliminaries (Page-22), First and second order Linear Equations (Page-56), General Theory of Initial Value Problem (Page-99), Linear systmems and Qualitative Analysis (Page-134), Series Sloutions Frobenius Theory (Page-180), Reular Strurm (Page-201), Qualitative Theory (Page-223), Two Point Bonduary Value (Page-267), First Order Partial Differential Equations (Page-286). | ||
| 650 |
_aOrdinary Differntial Equations _9122546 |
||
| 942 |
_2ddc _cBK |
||
| 999 |
_c609015 _d609015 |
||